000 01029nam a2200217Ia 4500
003 IN-BaIIA
008 211028s9999 xx 000 0 eng d
020 _a0-7923-0863-8
040 _cIIA Library
080 _a52(082.1)
_bASS-165
111 _aInternational Workshop on Dusty Objects in the Universe of the Astronomical Observatory of Capodimonte(OAC 4)
_n4th
_cCapri, Italy
_d1989 Sep. 8-13
_917023
245 0 _aDusty objects in the universe
_bproceedings of the 4th international workshop on dusty objects in the universe of the Astronomical Observatory of Capodimonte(OAC 4), held in Capri, Italy, 8-13 Sep 1989
_cedited by E. Bussoletti and A. A . Vittone
260 _aDordrecht
_bKluwer Academic
_c1990
300 _axiv, 283p.
490 _aAstrophysics and space science library; v. 165
650 _aAstronomy and astrophysics thesaurus
650 _aCosmic dust
_93926
700 _aBussoletti, E., ed.
_917024
700 _aVittone, A. A ., ed.
_917025
942 _cBK
999 _c10056
_d10056